Две записки А. Ф. Кони товарищу министра юстиции Бутовскому Петру Михайловичу о ходе следствия по делу парохода "Владимир"

Доступно только в Электронных читальных залах Найти на картеНа карте
RUSMARC
00004163nac2a22002771x 450
00182de3c7a-b8c9-4045-9a48-699444fc34b3
00520131008182347.0
100##$a20130529l18941894k y0rusy50 ca
1010#$arus
102##$aRU
105##$ay z |||||
1222#$ad18940807
$ad18941815
2001#$aДве записки А. Ф. Кони товарищу министра юстиции Бутовскому Петру Михайловичу о ходе следствия по делу парохода "Владимир"
$j7-14/15 августа 1894
215##$a22 листа
251##$cДело
300##$aЗаголовок дела на папке: Две записки А. Ф. Кони товарищу министра юстиции Бутовскому Петру Михайловичу о ходе следствия парохода "Владимир"
300##$aРукописный текст
330##$aДокументальные материалы, отложившиеся в результате служебной и общественной деятельности А. Ф. Кони; По судебному ведомству
461#0$10013a54f2e3-e9cf-409b-80fa-f0a9bd3c40cb
$12001
$aКони Анатолий Федорович, юрист, литератор, член академии наук, председатель Санкт-Петербургского окружного суда, член государственного совета
$1251
$cФонд
$1852
$j564
462#0$100178a475cd-a47d-4377-bff3-cee4b81de655
$12001
$aОпись дел фонда А. Ф. Кони за 1880-1931 гг.
$1251
$cОпись
$1852
$j1
517##$aДве записки А. Ф. Кони товарищу министра юстиции Бутовскому Петру Михайловичу о ходе следствия парохода "Владимир"
600#1$aКони
$bА. Ф.
$f1844-1927
$gАнатолий Федорович
600#1$aБутовский
$bП. М.
$gПетр Михайлович
801#0$aRU
$bGA_RF
801#1$aRU
$bНПО Опыт
$c20130529
$2rusmarc
801#2$aRU
$bПБ им. Б.Н. Ельцина
$c20131008
$gRCR
$2rusmarc
852##$aГА РФ
$j590
937##$d38355723
$hПБ
035##$aRuPRLIB51001216
Формат отображения